Las aventuras de Anaconda / (Record no. 165554)

MARC details
000 -CABECERA
campo de control de longitud fija 00652nam a2200217 u 4500
005 - FECHA Y HORA DE LA ÚLTIMA TRANSACCIÓN
campo de control 20220622063622.0
008 - ELEMENTOS DE LONGITUD FIJA--INFORMACIÓN GENERAL
campo de control de longitud fija 131003s2009 ag r 000 0 spa d
020 ## - NÚMERO INTERNACIONAL NORMALIZADO PARA LIBROS
Número Internacional Estándar del Libro 9789871534050
035 ## - NÚMERO DE CONTROL DEL SISTEMA
Número de control de sistema UPN01000193453
049 ## - COLECCIÓN
Colección CG
050 #4 - SIGNATURA TOPOGRÁFICA DE LA BIBLIOTECA DEL CONGRESO
Número de clasificación PQ8519 Q5
Número de documento/Ítem A9.3
100 1# - ASIENTO PRINCIPAL--NOMBRE PERSONAL
Nombre de persona Quiroga, Horacio,
Fechas asociadas al nombre 1878-1937
9 (RLIN) 29892
245 14 - MENCIÓN DE TÍTULO
Título Las aventuras de Anaconda /
Mención de responsabilidad, etc. Horacio Quiroga ; il. Rodrigo Luján.
260 ## - PUBLICACIÓN, DISTRIBUCIÓN, ETC.
Lugar de publicación, distribución, etc. Buenos Aires :
Nombre del editor, distribuidor, etc. Pictus,
Fecha de publicación, distribución, etc. 2009.
300 ## - DESCRIPCIÓN FÍSICA
Extensión 96 p. :
Otras características físicas il.
440 #0 - MENCIÓN DE SERIE/ASIENTO SECUNDARIO--TÍTULO
Título Lectosfera.
Nombre de parte o sección de la obra Lima ;
Designación de volumen o secuencia 108
650 #4 - ASIENTO SECUNDARIO DE MATERIA - TERMINO TEMATICO
Término de materia o nombre geográfico como elemento de entrada LITERATURA JUVENIL URUGUAYA
9 (RLIN) 12905
650 #0 - ASIENTO SECUNDARIO DE MATERIA - TERMINO TEMATICO
Término de materia o nombre geográfico como elemento de entrada Animales
Subdivisión de forma Cuentos y leyendas
9 (RLIN) 234
905 ## - TIPO DE MATERIAL
Tipo de material Libro
Holdings
Estado de retiro Estado de pérdida Fuente del sistema de clasificación o colocación Estado dañado No para préstamo Código de colección Localización permanente Ubicación/localización actual Ubicación en estantería Total de préstamos Clasificación Código de barras Fecha visto por última vez Número de copia Tipo de ítem Koha
    Library of Congress Classification     Colección General Bib. Gregorio Torres Quintero Bib. Gregorio Torres Quintero Planta baja   PQ8519 Q5 A9.3 290159 31/12/2020 1 Libro